logo

Bir Sreshtho Munshi Abdur Rouf Library
Jhenaidah Cadet College

শ্রেষ্ঠ প্রবন্ধ / (Record no. 1769)

MARC details
000 -LEADER
fixed length control field 00675nam a2200229 a 4500
001 - CONTROL NUMBER
JCCL Control Number 1769
003 - CONTROL NUMBER IDENTIFIER
JCCL marc code BD-JhCC
005 - DATE AND TIME OF LATEST TRANSACTION
control field 20171024111255.0
008 - FIXED-LENGTH DATA ELEMENTS--GENERAL INFORMATION
fixed length control field 171024s2012 bg ||||| |||| 00| 0 ben d
020 ## - INTERNATIONAL STANDARD BOOK NUMBER
International Standard Book Number 9847012002117
035 ## - SYSTEM CONTROL NUMBER
system control number (BD-JhCC)1769
040 ## - CATALOGING SOURCE
Original cataloging agency BD-JhCC
Modifying agency BD-JhCC
041 ## - LANGUAGE CODE
Language code of Book ben
082 ## - DEWEY DECIMAL CLASSIFICATION NUMBER
Classification number 891.4409
Author mark and Year HAQ 2012
100 ## - MAIN ENTRY--PERSONAL NAME
Personal name হক, হাসান আজিজুল
245 ## - TITLE STATEMENT
Title শ্রেষ্ঠ প্রবন্ধ /
Statement of responsibility, etc হাসান আজিজুল হক
260 ## - PUBLICATION, DISTRIBUTION, ETC. (IMPRINT)
Place of publication, distribution, etc ঢাকা :
Name of publisher, distributor, etc কথা প্রকাশনী,
Date of publication, distribution, etc 2012.
300 ## - PHYSICAL DESCRIPTION
Pagination 320 P. :
Dimensions 21 cm.
650 ## - SUBJECT ADDED ENTRY--TOPICAL TERM
Topical term or geographic name as entry element Bengali literature
942 ## - ADDED ENTRY ELEMENTS (KOHA)
Source of classification or shelving scheme Dewey Decimal Classification
Koha item type Books
Holdings
Source of classification or shelving scheme Damaged status Not for loan Home library Current library Shelving location Date of accession Cost, normal purchase price Total Checkouts Full call number Barcode Date last seen Date checked out Koha item type
Dewey Decimal Classification     JCC Rouf Library JCC Rouf Library General Stacks 10/24/2017 300.00 1 891.4409 HAQ 2012 3138 12/17/2024 09/29/2024 Books

JCC Library | Contacts | JCC Home

Last Update on 23 September 2017
Copyright @ 2017-2020 JCC Rouf Library
Rouf Library, Jhenidah Cadet College (JCC), Bangladesh